000 00401nam a2200157Ia 4500
005 20240807062129.0
008 240806s9999||||xx |||||||||||||| ||eng||
041 _aeng
082 _a891.434009
_bSHUK
100 _aTakur Samiksha
245 0 _aRamchandra sukl ke samiksha sidhant aur jeeta rahsy /
_cTakur Samiksha
260 _bRaj Kamal New Dehli
300 _a91
650 _aHindi
942 _cBK
999 _c9397
_d9397